00479 2200193 4500001002100000005001500021008004100036020001800077035001900095041000700114082001000121090001600131100001300147700001700160245004900177260001800226300002400244650001700268INLIS00000000000246820241224112538241224||||||||| | ||| |||| || |  a979-3357-53-3 0010-1224002468 aid0 a639.1 a639.3 ISK m0 aIskandar0 aM Sitanggang00aMemilih & Merawat Mas koki Impor Berkualitas aJakartac2003 aviii+51 hlm;23.5 cm 0aIlmu Terapan